| 000 | 004350000a22001810004500 | ||
|---|---|---|---|
| 003 | MACL | ||
| 005 | 20151213143220.0 | ||
| 008 | 151213b xxu||||| |||| 00| 0 eng d | ||
| 040 |
_aMACL _cMACL |
||
| 041 | _aEnglish | ||
| 082 | _a741.642 | ||
| 100 |
_aKhatri Vikas S _918840 |
||
| 245 | _aThe Wind and The Sun | ||
| 260 | _bPrudence Publishers | ||
| 350 | _a200.00 | ||
| 650 |
_aChild Books _920216 |
||
| 942 |
_cBK _k741.642/KHA _2ddc |
||
| 999 |
_c42141 _d42141 |
||